Hướng dẫn chẩn đoán và điều trị bệnh nội khoa : Cẩm nang nghiệp vụ của bác sĩ lâm sàng

Hướng dẫn cách chẩn đoán xác định, chẩn đoán phân biệt, chẩn đoán nguyên nhân và phương pháp điều trị các bệnh nội khoa thường gặp như bệnh tim mạch, bệnh hô hấp, bệnh nội tiết - đái tháo đường, tiêu hoá, thận - tiết niệu, cơ - xưo...

詳細記述

保存先:
書誌詳細
第一著者: Nguyễn, Quốc Anh
フォーマット: 図書
言語:Undetermined
出版事項: Hà Nội Y học 2011
主題:
タグ: タグ追加
タグなし, このレコードへの初めてのタグを付けませんか!
Thư viện lưu trữ: Trung tâm Học liệu Trường Đại học Cần Thơ
LEADER 01136nam a2200205Ia 4500
001 CTU_240342
008 210402s9999 xx 000 0 und d
082 |a 616.075 
082 |b A107 
100 |a Nguyễn, Quốc Anh 
245 0 |a Hướng dẫn chẩn đoán và điều trị bệnh nội khoa : 
245 0 |b Cẩm nang nghiệp vụ của bác sĩ lâm sàng 
245 0 |c Nguyễn Quốc Anh, Ngô Quý Châu (Chủ biên) 
260 |a Hà Nội 
260 |b Y học 
260 |c 2011 
520 |a Hướng dẫn cách chẩn đoán xác định, chẩn đoán phân biệt, chẩn đoán nguyên nhân và phương pháp điều trị các bệnh nội khoa thường gặp như bệnh tim mạch, bệnh hô hấp, bệnh nội tiết - đái tháo đường, tiêu hoá, thận - tiết niệu, cơ - xương - khớp, truyền nhiễm, dị ứng - miễn dịch lâm sàng 
650 |a Bệnh lý học,Pathology 
910 |b nthai 
980 |a Trung tâm Học liệu Trường Đại học Cần Thơ